Movies of 1980 Quiz Stats

Quiz Updated Nov 12, 2015

Also try: Movies of 1981
Challenge
Share
Tweet
Score 0/16 Timer 06:00
2 Plays Today
Movie % Correct
The Blues Brothers
96.9%
The Shining
93.2%
Popeye
93.1%
Airplane!
89.9%
Caddyshack
84.7%
Star Wars Episode V: The Empire Strikes Back
82.4%
Superman II
80.7%
Raging Bull
78.1%
Movie % Correct
9 to 5
69.2%
Fame
49.9%
Flash Gordon
47.7%
The Elephant Man
29.5%
American Gigolo
24.3%
Ordinary People
23.6%
Friday the 13th
22.3%
The Fog
12.9%

You're not logged in!

Compare scores with friends on all Sporcle quizzes.
Sign Up with Email
OR
Log In

You Might Also Like...

Show Comments

Extras

Top Quizzes Today


Score Distribution

Your Account Isn't Verified!

In order to create a playlist on Sporcle, you need to verify the email address you used during registration. Go to your Sporcle Settings to finish the process.